Το πρώτο βιβλίο της FORTRAN 77
Αποθηκεύτηκε σε:
| Κύριος συγγραφέας: | |
|---|---|
| Άλλοι συγγραφείς: | |
| Μορφή: | Βιβλίο |
| Γλώσσα: | Greek English |
| Δημοσίευση: |
Αθήνα :
Μόσχος Γκιούρδας,
1997.
|
| Έκδοση: | 2η εκδ. |
| Σειρά: | Το πρώτο βιβλίο (Γκιούρδας)
|
| Θέματα: | |
| Ετικέτες: |
Προσθήκη ετικέτας
Δεν υπάρχουν, Καταχωρήστε ετικέτα πρώτοι!
|
MARC
| LEADER | 00000cam a2200000 i 4500 | ||
|---|---|---|---|
| 001 | 1/44645 | ||
| 008 | 980506s1997 gr | ||| |||| ||gre|| | ||
| 035 | |l 10042332 | ||
| 040 | |a GR-MyUA |b gre |e AACR2 | ||
| 041 | 1 | |a gre |h eng | |
| 082 | 7 | |a 005.133 |2 (22) | |
| 100 | 1 | |a Shelley, John, |d 1940- | |
| 245 | 1 | 3 | |a Το πρώτο βιβλίο της FORTRAN 77 / |c John Shelley ; απόδοση στα ελληνικά Γιώργος Κ. Βαγενάς. |
| 246 | 3 | 3 | |a FORTRAN 77 |
| 250 | |a 2η εκδ. | ||
| 260 | |a Αθήνα : |b Μόσχος Γκιούρδας, |c 1997. | ||
| 300 | |a ix, 182 σ. ; |c 24 εκ. | ||
| 490 | 1 | |a (Το πρώτο βιβλίο / Γκιούρδας) | |
| 504 | |a Περιλαμβάνει ευρετήριο. | ||
| 650 | 0 | 0 | |a FORTRAN 77 (Computer program language) |
| 700 | 1 | |a Βαγενάς, Γιώργος Κ. |e trl | |
| 830 | 0 | |a Το πρώτο βιβλίο (Γκιούρδας) | |
| 852 | |a INST |b SAMOS |e 19980506 |h 005.133 SHE |p 005300011736 |q 005300011736 |t BK |y 0 | ||
| 852 | |a INST |b SAMOS |e 19980506 |h 005.133 SHE |p 005300011737 |q 005300011737 |t BK |y 0 | ||
| 852 | |a INST |b SAMOS |e 19980506 |h 005.133 SHE |p 005300011738 |q 005300011738 |t BK |y 0 | ||
| 852 | |a INST |b SAMOS |e 19980506 |h 005.133 SHE |p 005300011739 |q 005300011739 |t BK |y 0 | ||
| 901 | |a BIBL-1998-2 | ||
| 909 | |a Σ |b 055518 | ||
| 909 | |a Σ |b 055519 | ||
| 909 | |a Σ |b 055520 | ||
| 909 | |a Σ |b 055521 | ||
| 922 | |a 3ΕΛΗ |b 199804 |c ΚΠΣ |d EMVASIS | ||
| 970 | |z 06/05/1998 | ||